| 000 | 00438 a2200109 4500 | ||
|---|---|---|---|
| 001 | ART_35063 | ||
| 005 | 20260410162005.0 | ||
| 008 | 260409a | ||
| 245 | 1 | 0 | _aNormas sobre el gobierno, administración, representación y fiscalización de las personas jurídicas en el Código Civil y Comercial de la Nación |
| 100 | 1 | _aBarreiro, Rafael F. | |
| 773 | 0 |
_tTemas de derecho civil _g- Año 1, Nº 1 (oct. 2015) _wREV34778 |
|
| 999 |
_c31608 _d31608 |
||